| 000 | 00786nam a2200241 a 4500 | ||
|---|---|---|---|
| 001 | 12235 | ||
| 003 | BD-RjUL | ||
| 005 | 20211208235247.0 | ||
| 008 | 161103s19641962nyua 001 0 eng | ||
| 035 | _a(BD-RjUL)12284 | ||
| 040 |
_dBD-RjUL _beng _aBD-RjUL _cBD-RjUL |
||
| 041 | _aeng | ||
| 082 | 0 | 0 |
_a612.3 _bFLI 1964 _223 |
| 100 | 1 |
_aFleck, Henrietta Christina, _d1903- _937963 |
|
| 245 | 1 | 0 |
_aIntroduction to nutrition / _cby Henrietta Fleck and Elizabeth Munves. |
| 260 |
_aNew York : _bMacmillan, _cc1962 [Printing 1964]. |
||
| 300 |
_avii, 656 p. : _bill. ; _c23 cm. |
||
| 490 | 0 | _aThe Macmillan college home economic series | |
| 500 | _aIncludes index. | ||
| 650 | 0 |
_aNutrition. _937964 |
|
| 700 | 1 |
_aMunves, Elizabeth Ann Douglass, _d1921- _ejoint author. _937965 |
|
| 942 |
_2ddc _cBK |
||
| 999 |
_c12235 _d12235 |
||